000
00352nam a2200133Ia 4500
008
100328s9999 xx 000 0 und d
082
_b
48795
100
_a
भोंजाळ चंद्रकांत-अनु.
245
_a
सत्य
260
_b
ललितराज
630
_a
सत्य
730
_a
सत्य
942
_c
BOOK
999
_c
536357
_d
536354